Marcatori del Milan in UEFA Europa League 2017-2018 - Statistics

Statistiche generali
  • Questo quiz è stato fatto 12 volte
  • Il punteggio medio è 15 su 18
Statistiche sulle risposte
Partita Minuto Marcatore % Corretto
Milan - Rijeka 3-2 94' Patrick Cutrone
100%
Milan - Austria Vienna 5-1 42' Patrick Cutrone
100%
Milan - Austria Vienna 5-1 93' Patrick Cutrone
100%
Austria Vienna - Milan 1-5 10' André Silva
92%
Austria Vienna - Milan 1-5 20' André Silva
92%
Austria Vienna - Milan 1-5 56' André Silva
92%
Milan - Rijeka 3-2 14' André Silva
92%
Milan - Austria Vienna 5-1 36' André Silva
92%
Milan - Austria Vienna 5-1 70' André Silva
92%
Austria Vienna - Milan 1-5 7' Hakan Çalhanoğlu
92%
Arsenal - Milan 3-1 35' Hakan Çalhanoğlu
92%
Ludogorec - Milan 0-3 45' Patrick Cutrone
92%
Austria Vienna - Milan 1-5 63' Suso
83%
Ludogorec - Milan 0-3 92' Fabio Borini
58%
Milan - Ludogorec 1-0 21' Fabio Borini
58%
Milan - Rijeka 3-2 53' Mateo Musacchio
50%
Milan - Austria Vienna 5-1 27' Ricardo Rodríguez
50%
Ludogorec - Milan 0-3 64' Ricardo Rodríguez
42%
Nessun quiz corrispondente trovato
Distribuzione punteggi
Percentuale di utenti per punteggio
Percentile per numero di risposta
I tuoi punteggi nel tempo
Non hai fatto questo quiz